[Event "Mittelfranken Landesliga Sued 2122"]
[Site "Mittelfranken"]
[Date "2022.03.20"]
[Round "4.4"]
[White "Reimann, Matthias"]
[Black "Schrader, Jan Erik"]
[Result "1/2-1/2"]
[WhiteElo "2080"]
[BlackElo "2012"]
[PlyCount "84"]
[EventDate "2021.10.24"]
[EventType "team-tourn"]
[EventRounds "9"]
[EventCountry "GER"]
[SourceTitle "EXT 2024"]
[Source "ChessBase"]
[SourceDate "2023.10.10"]
[SourceVersion "1"]
[SourceVersionDate "2023.10.10"]
[SourceQuality "1"]
[WhiteTeam "Kriegshaber"]
[BlackTeam "Groebenzell II"]
[WhiteTeamCountry "GER"]
[BlackTeamCountry "GER"]

1. d4 Nf6 2. Nf3 d5 3. c4 e6 4. g3 Be7 5. Bg2 0-0 6. 0-0 c6 7. Nc3 Nbd7 8. Qd3 dxc4 9. Qxc4 Nb6 10. Qd3 Bd7 11. e4 c5 12. Rd1 cxd4 13. Nxd4 Bc6 14. Nxc6 bxc6 15. Qe2 Qc7 16. Be3 Rfd8 17. h3 h6 18. Qa6 Rxd1+ 19. Rxd1 Rb8 20. Rc1 Qd7 21. Bf4 Qb7 22. Qxb7 Rxb7 23. Ne2 c5 24. b3 Rd7 25. Be3 Rc7 26. Nf4 Nfd7 27. Nd3 Rc8 28. Bf1 Kf8 29. Be2 Ke8 30. Nb2 Kf8 31. Ba6 Rc7 32. Nd3 f6 33. a4 Nb8 34. Bc4 Nxc4 35. Rxc4 Nd7 36. a5 Bd6 37. f4 e5 38. Kg2 Ke7 39. Kf3 Rb7 40. fxe5 Nxe5+ 41. Nxe5 fxe5 42. Bxc5 Rxb3+ 1/2-1/2

[Event "Regionalliga Sued-Ost 1718"]
[Site "Bayern"]
[Date "2018.04.15"]
[Round "9.8"]
[White "Schrader, Jan Erik"]
[Black "Danninger, Jannik"]
[Result "1-0"]
[WhiteElo "2017"]
[BlackElo "1820"]
[PlyCount "99"]
[EventDate "2017.10.22"]
[EventType "team-tourn"]
[EventRounds "9"]
[EventCountry "GER"]
[SourceTitle "EXT 2022"]
[Source "ChessBase"]
[SourceDate "2021.10.06"]
[SourceVersion "1"]
[SourceVersionDate "2021.10.06"]
[SourceQuality "1"]
[WhiteTeam "Groebenzell II"]
[BlackTeam "Tegernsee TV"]
[WhiteTeamCountry "GER"]
[BlackTeamCountry "GER"]

1. e4 c5 2. Nc3 Nc6 3. g3 g6 4. Bg2 Bg7 5. d3 d6 6. f4 e5 7. Nh3 Nge7 8. 0-0 0-0 9. f5 f6 10. fxg6 Nxg6 11. Be3 Be6 12. a3 a6 13. Qd2 Qd7 14. Nf2 b5 15. Kh1 Rab8 16. Bh6 a5 17. Ncd1 Nd4 18. Bxg7 Kxg7 19. Ne3 b4 20. axb4 axb4 21. g4 Ra8 22. Rab1 Kh8 23. Nf5 b3 24. c3 Nc6 25. Qe3 Ra4 26. Bf3 Nd8 27. Nh3 Nf7 28. Rg1 Rfa8 29. g5 fxg5 30. Nxg5 Nxg5 31. Qxg5 Rf8 32. Bg4 Nf4 33. Rbd1 Ra2 34. Rd2 d5 35. Qh6 Raa8 36. Rdd1 Rf7 37. d4 cxd4 38. cxd4 Ng6 39. Bh5 Bxf5 40. exf5 Qxf5 41. Rxg6 Raf8 42. Rg2 Rc7 43. dxe5 Re7 44. Rdg1 d4 45. e6 d3 46. Bf7 Rexf7 47. exf7 Qxf7 48. Qd6 Qf5 49. Qd4+ Rf6 50. Rg8# 1-0

[Event "Regionalliga SO 1617"]
[Site "Bayern"]
[Date "2017.01.15"]
[Round "4.7"]
[White "Schrader, Jan Erik"]
[Black "Crone, Stephan"]
[Result "0-1"]
[WhiteElo "2053"]
[BlackElo "1833"]
[PlyCount "132"]
[EventDate "2016.10.16"]
[EventType "team-tourn"]
[EventRounds "9"]
[EventCountry "GER"]
[SourceTitle "EXT 2019"]
[Source "ChessBase"]
[SourceDate "2018.10.10"]
[SourceVersion "1"]
[SourceVersionDate "2018.10.10"]
[SourceQuality "1"]
[WhiteTeam "Groebenzell II"]
[BlackTeam "Ilmmuenster"]
[WhiteTeamCountry "GER"]
[BlackTeamCountry "GER"]

1. e4 e6 2. d4 d5 3. e5 c5 4. c3 Nc6 5. Nf3 Qb6 6. a3 Bd7 7. b4 cxd4 8. cxd4 a6 9. Be3 Na7 10. Bd3 Bb5 11. 0-0 Rc8 12. Bxb5+ Qxb5 13. Nbd2 Ne7 14. Nb3 b6 15. Rc1 Rxc1 16. Qxc1 Qd7 17. Qc2 Nec6 18. Rc1 Be7 19. Qe2 Qb7 20. Nfd2 0-0 21. f4 f5 22. exf6 Bxf6 23. Bf2 Re8 24. Nf3 Nc8 25. b5 axb5 26. Qxb5 N8a7 27. Qe2 Nc8 28. Qb5 N8a7 29. Qe2 Nc8 30. Ne5 Na5 31. Qb5 Nd6 32. Nxa5 bxa5 33. Qxa5 Bxe5 34. dxe5 Nc4 35. Qc3 Qe7 36. a4 Ra8 37. Ra1 Qd7 38. Qb4 g6 39. h3 Qc7 40. Rb1 g5 41. g3 gxf4 42. gxf4 Qf7 43. Qb7 Qxb7 44. Rxb7 Rxa4 45. Re7 Ra6 46. Bh4 Ne3 47. Bf6 Nf5 48. Rd7 Ra4 49. Rb7 Rxf4 50. Rb8+ Kf7 51. Rh8 h6 52. Kg2 Ra4 53. Rb8 d4 54. Rb7+ Kg6 55. Rd7 Ra3 56. Rd8 Rg3+ 57. Kh2 Re3 58. h4 Kh5 59. Kg2 Kg4 60. Kf2 Kf4 61. Ra8 Rh3 62. Ra6 Rh2+ 63. Kf1 d3 64. Kg1 Rc2 65. Ra4+ Kg3 66. Kf1 Rc1# 0-1

[Event "Regionalliga SW 1314"]
[Site "Bayern"]
[Date "2014.04.06"]
[Round "9.4"]
[White "Ruecker, Benjamin"]
[Black "Schrader, Jan Erik"]
[Result "1-0"]
[WhiteElo "2259"]
[BlackElo "2074"]
[PlyCount "73"]
[EventDate "2013.10.13"]
[EventType "team-tourn"]
[EventRounds "9"]
[EventCountry "GER"]
[SourceTitle "EXT 2015"]
[Source "ChessBase"]
[SourceDate "2014.11.20"]
[SourceVersion "1"]
[SourceVersionDate "2014.11.20"]
[SourceQuality "1"]
[WhiteTeam "Garching II"]
[BlackTeam "Muenchen 36"]
[WhiteTeamCountry "GER"]
[BlackTeamCountry "GER"]

1. d4 Nf6 2. c4 c5 3. d5 e5 4. Nc3 d6 5. g3 Be7 6. Bg2 0-0 7. Nf3 a6 8. a4 Nbd7 9. 0-0 Ne8 10. e4 g6 11. Bh6 Ng7 12. Ne1 Bg5 13. Bxg5 Qxg5 14. f4 exf4 15. gxf4 Qe7 16. Nf3 f6 17. Qd2 Re8 18. Rae1 Rb8 19. e5 fxe5 20. fxe5 Nxe5 21. Nxe5 dxe5 22. d6 Qd8 23. Ne4 Nf5 24. d7 Bxd7 25. Qxd7 Qxd7 26. Nf6+ Kg7 27. Nxd7 Rbd8 28. Rxe5 Rxe5 29. Nxe5 b6 30. Bd5 Re8 31. Nd7 Re2 32. Rb1 b5 33. axb5 axb5 34. cxb5 Rd2 35. b6 Nd6 36. Bc6 c4 37. Nc5 1-0

[Event "Oberliga Bayern 0506"]
[Site "Bayern"]
[Date "2006.01.29"]
[Round "6.8"]
[White "Schrader, Jan Erik"]
[Black "Gayer, Michael"]
[Result "1/2-1/2"]
[WhiteElo "2029"]
[BlackElo "2042"]
[PlyCount "81"]
[EventDate "2005.10.23"]
[EventType "team-tourn"]
[EventRounds "9"]
[EventCountry "GER"]
[SourceTitle "EXT 2007"]
[Source "ChessBase"]
[SourceDate "2006.11.23"]
[SourceVersion "1"]
[SourceVersionDate "2006.11.23"]
[SourceQuality "1"]
[WhiteTeam "Groebenzell"]
[BlackTeam "Krumbach"]
[WhiteTeamCountry "GER"]
[BlackTeamCountry "GER"]

1. e4 c5 2. Nc3 d6 3. g3 Nc6 4. Bg2 g6 5. d3 Bg7 6. f4 e6 7. Nf3 Nge7 8. 0-0 0-0 9. Rb1 Rb8 10. Be3 b6 11. Bf2 e5 12. Qd2 Nd4 13. Nd1 Bg4 14. Nxd4 exd4 15. h3 Be6 16. g4 f5 17. exf5 gxf5 18. Qe2 Bd7 19. Bh4 Bf6 20. g5 Bg7 21. g6 Bf6 22. gxh7+ Kh8 23. Qh5 Bxh4 24. Qxh4 Ng6 25. Qh6 Nh4 26. Nf2 Nxg2 27. Kxg2 Rf6 28. Qh5 Qe8 29. Qxe8+ Rxe8 30. Rbe1 Re3 31. Rxe3 dxe3 32. Nh1 Bc6+ 33. Kh2 Bxh1 34. Kxh1 d5 35. Kg2 Kxh7 36. Kf3 d4 37. Rg1 Rg6 38. Rg5 Kg7 39. h4 Kf6 40. Ke2 Rh6 41. h5 1/2-1/2

[Event "Landesliga Sued 0405"]
[Site "Bayern"]
[Date "2005.02.13"]
[Round "7.8"]
[White "Braun, Christoph"]
[Black "Schrader, Jan Erik"]
[Result "1-0"]
[WhiteElo "2096"]
[BlackElo "2071"]
[PlyCount "83"]
[EventDate "2004.10.24"]
[EventType "team-tourn"]
[EventRounds "9"]
[EventCountry "GER"]
[SourceTitle "EXT 2007"]
[Source "ChessBase"]
[SourceDate "2006.11.23"]
[SourceVersion "1"]
[SourceVersionDate "2006.11.23"]
[SourceQuality "1"]
[WhiteTeam "Freising"]
[BlackTeam "Groebenzell"]
[WhiteTeamCountry "GER"]
[BlackTeamCountry "GER"]

1. e4 e6 2. d4 d5 3. Nc3 Bb4 4. a3 Bxc3+ 5. bxc3 dxe4 6. f3 c5 7. Qd2 Nc6 8. Bb2 Nf6 9. 0-0-0 Qc7 10. fxe4 Nxe4 11. Qe3 Nf6 12. Nh3 Nd5 13. Qf3 f6 14. Qh5+ Qf7 15. Qf3 cxd4 16. cxd4 0-0 17. Bd3 Bd7 18. Rhe1 Rac8 19. Nf4 Nxf4 20. Qxf4 Ne7 21. Qe4 g6 22. Qxb7 Bc6 23. Qxa7 Bd5 24. Be4 Bc4 25. Re3 Qg7 26. Kb1 Qh6 27. Bc1 Qg7 28. a4 Rb8+ 29. Ka1 f5 30. Bf3 Qf6 31. Ba3 Rbe8 32. Bd6 g5 33. Be5 Qg6 34. Rc3 Bd5 35. Qd7 Bxf3 36. Rxf3 Nd5 37. Rb3 Re7 38. Qc6 Ree8 39. Rb7 Re7 40. Rdb1 Qf7 41. a5 Ne3 42. a6 1-0

[Event "Regionalliga SO 0304"]
[Site "Bayern"]
[Date "2003.12.14"]
[Round "4.7"]
[White "Schrader, Jan Erik"]
[Black "Lanzinner, Denis"]
[Result "1/2-1/2"]
[WhiteElo "2062"]
[BlackElo "1857"]
[PlyCount "73"]
[EventDate "2003.10.??"]
[EventType "team"]
[EventRounds "9"]
[EventCountry "GER"]
[SourceTitle "EXT 2006"]
[Source "ChessBase"]
[SourceDate "2005.11.24"]
[SourceVersion "1"]
[SourceVersionDate "2005.11.24"]
[SourceQuality "1"]
[WhiteTeam "Groebenzell"]
[BlackTeam "Freising"]
[WhiteTeamCountry "GER"]
[BlackTeamCountry "GER"]

1. e4 c5 2. Nc3 a6 3. g3 b5 4. a3 Bb7 5. Bg2 Nf6 6. d3 d6 7. f4 g6 8. Nf3 Bg7 9. 0-0 0-0 10. h3 b4 11. axb4 cxb4 12. Ne2 Qb6+ 13. Kh1 Nbd7 14. g4 Rfc8 15. Ng3 a5 16. g5 Ne8 17. d4 Nc7 18. Be3 Nb5 19. Qd2 Qc7 20. Rfc1 Nb6 21. Bf2 Nc4 22. Qe2 Ba6 23. c3 bxc3 24. bxc3 Nba3 25. Qe1 Rab8 26. Ra2 Rb3 27. Bf1 Qb7 28. d5 Nb5 29. Bxc4 Rxc4 30. Nd2 Bxc3 31. Rxc3 Nxc3 32. Nxb3 Qxb3 33. Rxa5 Na2 34. Qe3 Qb1+ 35. Kh2 Bb7 36. Qb6 Qc2 37. Rb5 1/2-1/2

[Event "Regionalliga SO 0304"]
[Site "Bayern"]
[Date "2003.11.23"]
[Round "3.7"]
[White "Stieber, Ulrich"]
[Black "Schrader, Jan Erik"]
[Result "1/2-1/2"]
[WhiteElo "1926"]
[BlackElo "2062"]
[PlyCount "54"]
[EventDate "2003.10.??"]
[EventType "team"]
[EventRounds "9"]
[EventCountry "GER"]
[SourceTitle "EXT 2006"]
[Source "ChessBase"]
[SourceDate "2005.11.24"]
[SourceVersion "1"]
[SourceVersionDate "2005.11.24"]
[SourceQuality "1"]
[WhiteTeam "Vogtareuth"]
[BlackTeam "Groebenzell"]
[WhiteTeamCountry "GER"]
[BlackTeamCountry "GER"]

1. e4 e6 2. d4 d5 3. e5 c5 4. c3 Nc6 5. Nf3 Qb6 6. a3 Bd7 7. b4 cxd4 8. cxd4 Rc8 9. Be3 Nge7 10. Bd3 g6 11. 0-0 Bg7 12. Qd2 0-0 13. Nc3 f6 14. Na4 Qd8 15. exf6 Bxf6 16. Nc5 b6 17. Nb7 Qc7 18. Ba6 Bg7 19. b5 Nd8 20. Rac1 Qb8 21. Rxc8 Bxc8 22. Bg5 Bxb7 23. Bxe7 Re8 24. Bxd8 Bxa6 25. bxa6 Qxd8 26. Rc1 Qd7 27. Qc3 Re7 1/2-1/2

[Event "Regionalliga SO 0304"]
[Site "Bayern"]
[Date "2003.10.12"]
[Round "1.7"]
[White "Soergel, Thomas"]
[Black "Schrader, Jan Erik"]
[Result "0-1"]
[WhiteElo "2056"]
[BlackElo "2062"]
[PlyCount "48"]
[EventDate "2003.10.??"]
[EventType "team"]
[EventRounds "9"]
[EventCountry "GER"]
[SourceTitle "EXT 2006"]
[Source "ChessBase"]
[SourceDate "2005.11.24"]
[SourceVersion "1"]
[SourceVersionDate "2005.11.24"]
[SourceQuality "1"]
[WhiteTeam "Graefelfing"]
[BlackTeam "Groebenzell"]
[WhiteTeamCountry "GER"]
[BlackTeamCountry "GER"]

1. c4 e5 2. Nc3 g6 3. g3 Bg7 4. Bg2 Nc6 5. Nf3 d6 6. d3 f5 7. 0-0 Nf6 8. Ne1 0-0 9. f4 Rb8 10. Nc2 Be6 11. Bd2 d5 12. fxe5 Nxe5 13. Bf4 Nf7 14. Nd4 Bd7 15. cxd5 Nxd5 16. Nxd5 Bxd4+ 17. e3 Bc6 18. Bxc7 Bxe3+ 19. Kh1 Qxd5 20. Bxd5 Bxd5+ 21. Rf3 Ng5 22. Qb3 Bxb3 23. Rxe3 Bd5+ 24. Kg1 Rbc8 0-1

[Event "Landesliga Sued 0203"]
[Site "Bayern"]
[Date "2003.03.09"]
[Round "8.8"]
[White "Schrader, Jan Erik"]
[Black "Loos, Stephan"]
[Result "1/2-1/2"]
[WhiteElo "2046"]
[BlackElo "2070"]
[PlyCount "41"]
[EventDate "2002.10.20"]
[EventType "team-tourn"]
[EventRounds "9"]
[EventCountry "GER"]
[SourceTitle "EXT 2004"]
[Source "ChessBase"]
[SourceDate "2003.11.25"]
[SourceVersion "1"]
[SourceVersionDate "2003.11.25"]
[SourceQuality "1"]
[WhiteTeam "Groebenzell"]
[BlackTeam "Bayern Muenchen II"]
[WhiteTeamCountry "GER"]
[BlackTeamCountry "GER"]

1. e4 d5 2. exd5 Qxd5 3. Nc3 Qa5 4. d4 c6 5. Nf3 Nf6 6. h3 Bf5 7. Bd3 Bxd3 8. Qxd3 Nbd7 9. 0-0 e6 10. Bf4 Be7 11. Nd2 Nb6 12. Bc7 0-0 13. a3 Qh5 14. Rad1 Rac8 15. Bxb6 axb6 16. Qf3 Qg6 17. Nce4 Rfd8 18. c3 Rd5 19. Nxf6+ Bxf6 20. Nc4 b5 21. Ne3 1/2-1/2

[Event "Landesliga Sued 0203"]
[Site "Bayern"]
[Date "2002.11.17"]
[Round "2.7"]
[White "Schrader, Jan Erik"]
[Black "Amelang, Thomas"]
[Result "0-1"]
[WhiteElo "2046"]
[BlackElo "2040"]
[PlyCount "120"]
[EventDate "2002.10.20"]
[EventType "team-tourn"]
[EventRounds "9"]
[EventCountry "GER"]
[SourceTitle "EXT 2004"]
[Source "ChessBase"]
[SourceDate "2003.11.25"]
[SourceVersion "1"]
[SourceVersionDate "2003.11.25"]
[SourceQuality "1"]
[WhiteTeam "Groebenzell"]
[BlackTeam "Muenchen Siemens"]
[WhiteTeamCountry "GER"]
[BlackTeamCountry "GER"]

1. e4 g6 2. d4 Bg7 3. Nc3 d6 4. Be2 Nf6 5. h4 e5 6. dxe5 dxe5 7. Qxd8+ Kxd8 8. h5 Ne8 9. Be3 Be6 10. 0-0-0+ Nd7 11. h6 Bf8 12. Nf3 f6 13. Ne1 c6 14. f4 Bd6 15. Nd3 Ke7 16. fxe5 Nxe5 17. Nc5 Bc8 18. Kb1 Nc7 19. Rhf1 Rf8 20. Rd2 b6 21. Nb3 Ne6 22. Nd4 Nxd4 23. Bxd4 Be6 24. Nd1 Rad8 25. Ne3 Bc7 26. c4 Rd7 27. Rfd1 Rfd8 28. b3 Nf7 29. Ng4 Be5 30. Be3 Rxd2 31. Rxd2 Rxd2 32. Bxd2 Bd4 33. Kc2 Ne5 34. Nxe5 Bxe5 35. Kd3 Kd6 36. Bb4+ c5 37. Bd2 Bg3 38. Ke3 f5 39. Kf3 Be5 40. exf5 Bxf5 41. Bd1 Ke6 42. g4 Bb1 43. a3 Bb2 44. a4 Kf6 45. Bf4 Be5 46. g5+ Kf5 47. Bxe5 Kxe5 48. Kg4 Be4 49. Kh4 Kf4 50. Bg4 Bf5 51. Be2 Bc2 52. Bg4 Bxb3 53. Be6 a6 54. Bg8 Kf5 55. Bd5 Bxa4 56. Bb7 a5 57. Bc8+ Kf4 58. Bg4 Bb3 59. Be2 a4 60. Bd3 a3 0-1

[Event "Landesliga Sued 0001"]
[Site "Bayern"]
[Date "2001.01.28"]
[Round "5"]
[White "Walch, Ingo"]
[Black "Schrader, Jan Erik"]
[Result "1-0"]
[WhiteElo "1974"]
[BlackElo "2090"]
[PlyCount "83"]
[EventDate "2000.10.15"]
[EventType "team-tourn"]
[EventRounds "9"]
[EventCountry "GER"]
[SourceTitle "EXT 2020"]
[Source "ChessBase"]
[SourceDate "2019.10.17"]
[SourceVersion "1"]
[SourceVersionDate "2019.10.17"]
[SourceQuality "1"]
[WhiteTeam "Pfarrkirchen SC"]
[BlackTeam "Groebenzell"]
[WhiteTeamCountry "GER"]
[BlackTeamCountry "GER"]

1. d4 Nf6 2. Nf3 d5 3. e3 e6 4. Bd3 c5 5. c3 Nc6 6. Nbd2 Bd6 7. 0-0 Bd7 8. Qe2 Qb6 9. dxc5 Bxc5 10. e4 dxe4 11. Nxe4 Nxe4 12. Bxe4 h6 13. Bc2 Qc7 14. Re1 Bd6 15. h3 Ne7 16. Nd2 Bc6 17. Nc4 Nd5 18. Qh5 0-0-0 19. Nxd6+ Qxd6 20. Qxf7 Rde8 21. Qh5 g5 22. Qe2 Rhg8 23. Qe5 Qd7 24. Be3 b6 25. Rad1 Qb7 26. Be4 Nf4 27. Bxf4 gxf4 28. Rd6 Bxe4 29. Rxe4 Qc7 30. b3 Rg5 31. Qxf4 Rf5 32. Qd2 b5 33. Rdxe6 Rd8 34. Qxd8+ Qxd8 35. Re8 Qxe8 36. Rxe8+ Kc7 37. Re3 Rd5 38. Re2 Rc5 39. Rc2 Kd6 40. g4 Ke5 41. c4 b4 42. Rd2 1-0

[Event "Landesliga Sued 0001"]
[Site "Bayern"]
[Date "2000.10.15"]
[Round "1"]
[White "Jermann, Frank"]
[Black "Schrader, Jan Erik"]
[Result "0-1"]
[WhiteElo "2060"]
[BlackElo "2090"]
[PlyCount "110"]
[EventDate "2000.10.15"]
[EventType "team-tourn"]
[EventRounds "9"]
[EventCountry "GER"]
[SourceTitle "EXT 2020"]
[Source "ChessBase"]
[SourceDate "2019.10.17"]
[SourceVersion "1"]
[SourceVersionDate "2019.10.17"]
[SourceQuality "1"]
[WhiteTeam "Muenchen Suedost"]
[BlackTeam "Groebenzell"]
[WhiteTeamCountry "GER"]
[BlackTeamCountry "GER"]

1. d4 Nf6 2. Bg5 d5 3. Bxf6 exf6 4. g3 Bd6 5. Bg2 c6 6. e3 Qb6 7. Qc1 Bf5 8. Nd2 0-0 9. Ne2 Qa6 10. Qd1 Nd7 11. c3 Rfe8 12. 0-0 Nf8 13. Re1 h6 14. Nc1 Re7 15. b4 Rae8 16. a4 Qb6 17. a5 Qc7 18. Qb3 a6 19. Qd1 Qd7 20. Ncb3 Nh7 21. Nc5 Qc8 22. Qe2 Bg4 23. Qf1 f5 24. Nd3 Ng5 25. f3 Bh5 26. f4 Nh7 27. Qf2 Nf6 28. h3 Ne4 29. Nxe4 fxe4 30. Nc5 f5 31. Kh2 Rf8 32. Bf1 g5 33. Be2 Qe8 34. Rg1 Kh7 35. Rac1 Rg7 36. Rcf1 Rfg8 37. c4 gxf4 38. gxf4 Rxg1 39. Rxg1 Rxg1 40. Kxg1 Bxe2 41. Qxe2 Bxc5 42. bxc5 Qg8+ 43. Kf2 dxc4 44. Qh5 Qe6 45. Ke1 Qg6 46. Qxg6+ Kxg6 47. Kd2 Kh5 48. Kc3 Kh4 49. Kxc4 Kg3 50. d5 cxd5+ 51. Kxd5 Kf3 52. Kd4 h5 53. h4 Ke2 54. Ke5 Kxe3 55. Kxf5 Kd4 0-1